Fiorentina Current Squad - Statistics

General Stats
  • This quiz has been taken 194 times
    82 since last reset
  • The average score is 15 of 25
Answer Stats
# Player % Correct
1 Pietro Terracciano
80%
3 Cristiano Biraghi
78%
4 Nikola Milenković
78%
2 Dodô
75%
22 Nicolás González
75%
5 Giacomo Bonaventura
74%
11 Jonathan Ikoné
71%
9 Arthur Cabral
68%
Head Coach Vincenzo Italiano
67%
33 Riccardo Sottil
65%
38 Rolando Mandragora
64%
99 Christian Kouamé
62%
98 Igor
61%
16 Luca Ranieri
61%
28 Lucas Martínez Quarta
61%
7 Luka Jović
61%
72 Antonín Barák
57%
34 Sofyan Amrabat
57%
32 Alfred Duncan
52%
10 Gaetano Castrovilli
49%
77 Josip Brekalo
42%
15 Aleksa Terzić
28%
42 Alessandro Bianco
23%
31 Michele Cerofolini
22%
56 Salvatore Sirigu
20%
No matching quizzes found
Score Distribution
Percent of People with Each Score
Percentile by Number Answered
Your Score History
You have not taken this quiz since the last reset